| 000 | 00491nam a2200205Ia 4500 | ||
|---|---|---|---|
| 003 | OSt | ||
| 005 | 20230417172135.0 | ||
| 008 | 210423s1960 xx 000 0 und d | ||
| 020 | _a0-449-21492-3 | ||
| 040 | _cAL | ||
| 041 | _aeng | ||
| 082 |
_a174 _223 _bHILT |
||
| 100 |
_aHILL (Napoleon) _989598 |
||
| 245 | _aThink and go rich | ||
| 260 |
_aNew York _bFawcett Crest book _c1960 |
||
| 300 |
_a254 _bPB |
||
| 650 |
_aEthics _989599 |
||
| 906 | _ago ; rich ; Think | ||
| 942 |
_2ddc _cBK |
||
| 999 |
_c170016 _d170016 |
||